人對自然的和解
| 資料類型: | 圖書 | 書目號: | 34180 |
Leader xxxxxxxxxx 001 __ PCLIS00034180 005 __ 20040408162736.36 010 0_ |a957-|b平裝|dNT$100 020 __ |acw|b82005151 100 __ |a20040408d2004 0chib0109 e 101 0_ |achi 102 __ |acw 105 __ |aa z 000yy 200 1_ |a人對自然的和解|e|f曹定人譯|g 205 __ |a初版 210 __ |a臺北市|c十竹書屋|d民年 215 0_ |a面|c圖, 表|d公分 225 1_ |a|v 300 __ |a 681 __ |a857.6|b 700 __ |a曹|b定人|4譯 702 _1 |a|b|4 801 __ |acw|b本館|c20040408 |